000 00561nam a22002177a 4500
001 86942
003 UA-OsUOA
005 20211016105815.0
007 ta
008 20120912b un ||||| |||| 00| 0 ukr d
040 _aUA-OsUOA
_brus
_cUA-OsUOA
_dUA-OsUOA
041 _arus
080 _a94(47+57)
090 _a94(47+57)
_bИ90
245 _aИстория СССР
_b2
_cпод ред. Нечкиной М. В.
260 _aМ.
_bГосполитиздат
_c1954
300 _a846 с.
650 7 _a94 Історія
_2UDC
942 _cBK
_2udc
955 _a2
999 _c373136
_d373136